| 000 | 00527nam a2200181Ia 4500 | ||
|---|---|---|---|
| 005 | 20250508160146.0 | ||
| 008 | 008 250505s9999 xx 000 0 eng d | ||
| 020 | _a0-15-502896-0 | ||
| 037 | _aReference | ||
| 040 |
_aFEDL _beng _cFEDL |
||
| 041 |
_aeng _2eng |
||
| 084 |
_a690.3, IND _qFEDL |
||
| 245 | 0 | _aProvisional list of technical terms in Hindi : Engineering (Building Materials) | |
| 245 | 0 | _cIndia. Ministry of Education | |
| 300 | _a40p. | ||
| 942 |
_cREF _h690.3, IND |
||
| 999 |
_c1362305 _d1362305 |
||